000 00554nam a2200205Ia 4500
001 10335
008 171108s1946 ii g b000 u 465 u
082 _a331.1151
110 _aOxford University .
_c(Oxford )
245 0 _aThe Economics of Full Employment /
_cOxford University.
_hTextual Documents
250 _a1st ed. /
260 _aOxford :
_bBasil Blackwell ,
_c1946.
300 _a213p. ;
_c22cm.
504 _aIndex
653 _aEconomics
653 _aEmployment
653 _aMS-Economics
653 _aT/G-Economics
942 _2ddc
_cBK
999 _c10322
_d10322